Yordles-League of Legends - Statistics

Estatísticas Gerais
  • Esse quiz foi jogado 334 vezes
  • A pontuação média é 8 de 9
Estatísticas das Respostas
Hint Resposta % Correto
Yordle atirador(a) Tristana
98%
Yordle guardião(ã) do martelo Poppy
96%
Yordle especialista em hexplosivos Ziggs
96%
Yordle fada feiticeiro(a) Lulu
95%
Yordle mago cotoco Veigar
94%
Yordle cientista Heimerdinger
93%
Yordle explorador(a) Teemo
89%
Yordle pré-histórico Gnar
83%
Yordle bombadeiro(a) Corki
66%
Nenhum quiz correspondente encontrado
Distribuição das Pontuações
Porcentagem de Pessoas com Cada Pontuação
Percentil de Números Respondidos
Sua Pontuação Histórica
Você não jogou esse quiz